| 000 | 00869nam 2200181 4500 | ||
|---|---|---|---|
| 001 | 5654 | ||
| 090 | _a5654 | ||
| 100 | _a20190729k u||y0frey50 ba | ||
| 101 | _afre | ||
| 200 |
_a(Extraits de) Les immigrés dans l'espace urbain, le cas d'Avanchet _bBrochure _eMigration et formation ( cours donné par Mme Fibbi) _fMireille Nydegger, Monique Bataillard |
||
| 210 |
_a[Genève] _dAvril 1982 |
||
| 215 |
_app. 32-43 _d30 cm |
||
| 300 | _aNotes manuscrites sur la couverture: "Extraits de" avant le titre. "Revu et corrigé" par [R.] nom illisible. Tampon du Centre d'études et de documentation (CCSI). Note manuscrite: "Pour Ruedi; avec nos vifs remerciements, Monique et Mireille" | ||
| 606 |
_91063 _aMigration |
||
| 607 |
_9996 _aLes Avanchets (Suisse. Genève) |
||
| 700 |
_96366 _aNydegger _bMireille |
||
| 701 |
_92043 _aJobin-Bataillard _bMonique |
||
| 801 |
_aCH _bCH-002049-8 |
||